LEADER 01368nam 2200385 450 001 000013203 005 20050718115500.0 010 $a0-12-468040-2 100 $a20030513d1981----km-y0itay0103----ba 101 0 $aeng 102 $aUS 200 1 $aGroundwater resources$einvestigation and development$fS. Mandel, Z. L. Shiftan 210 $aNew York..[etc.]$cAcademic Press$d1981 215 $aIX, 269 p.$d24 cm. 225 2 $aWater pollution 410 0$12001$aWater pollution 606 $aAcque sotterranee 676 $a553.79$v(21. ed.)$9Geologia economica. (Geologia applicata). Acque sotterranee (Acque subsuperficiali) 700 1$aMandel,$bSamuel$0441240 701 1$aShiftan,$bZ. L.$0441241 801 0$aIT$bUniversità della Basilicata - B.I.A.$gRICA$2unimarc 912 $a000013203 996 $aGroundwater resources$980731 997 $aUNIBAS BAS $aMONING BAS $aINGEGNERIA CAT $aSTD024$b01$c20030513$lBAS01$h0943 CAT $aTORRE$b20$c20050119$lBAS01$h1647 CAT $c20050601$lBAS01$h1755 CAT $abatch$b01$c20050718$lBAS01$h1051 CAT $c20050718$lBAS01$h1110 CAT $c20050718$lBAS01$h1141 CAT $c20050718$lBAS01$h1155 FMT Z30 -1$lBAS01$LBAS01$mBOOK$1BASA2$APolo Tecnico-Scientifico$2DID$BDidattica$3PTS.s3.p9.11$635305$5I35305$820030513$f04$FPrestabile Didattica LEADER 04139nam 2200673 a 450 001 9910455175103321 005 20200520144314.0 010 $a1-282-35925-8 010 $a9786612359255 010 $a0-520-93379-6 024 7 $a10.1525/9780520933798 035 $a(CKB)1000000000807409 035 $a(EBL)470926 035 $a(OCoLC)609850063 035 $a(SSID)ssj0000310381 035 $a(PQKBManifestationID)11236868 035 $a(PQKBTitleCode)TC0000310381 035 $a(PQKBWorkID)10287634 035 $a(PQKB)10372010 035 $a(StDuBDS)EDZ0000055771 035 $a(MiAaPQ)EBC470926 035 $a(OCoLC)755976633 035 $a(MdBmJHUP)muse30696 035 $a(DE-B1597)520578 035 $a(DE-B1597)9780520933798 035 $a(Au-PeEL)EBL470926 035 $a(CaPaEBR)ebr10676294 035 $a(CaONFJC)MIL235925 035 $a(EXLCZ)991000000000807409 100 $a20070208d2007 uy 0 101 0 $aeng 135 $aur|n|---||||| 181 $ctxt 182 $cc 183 $acr 200 10$aSteward's Fork$b[electronic resource] $ea sustainable future for the Klamath Mountains /$fJames K. Agee 210 $aBerkeley $cUniversity of California Press$d2007 215 $a1 online resource (308 p.) 300 $aDescription based upon print version of record. 311 $a0-520-25125-3 320 $aIncludes bibliographical references and index. 327 $tFrontmatter -- $tContents -- $tFigures and Tables -- $tAcknowledgments -- $t1. Introduction -- $t2. The Physical World -- $t3. Forest Mélange -- $t4. A Rose by Any Name -- $t5. My Botanical Contest with Miss Alice Eastwood -- $t6. Wild Creatures of the Klamaths -- $t7. Change Is the Only Constant -- $t8. First Peoples of the Rivers -- $t9. Gold Is Where You Find It -- $t10. Green Grass and Green Gold -- $t11. Dam the World -- $t12. Modern Myths and Monsters -- $t13. Principles of Future Sustainability -- $t14. Hard Times for Hardrock -- $t15. Forests for the Future -- $t16. Restoring the Rivers -- $t17. Steward's Fork -- $tAppendix: Biota Mentioned in the Text -- $tReferences and Further Reading -- $tIndex 330 $aA compelling story of place, Steward's Fork explores northwest California's magnificent Klamath Mountains-a region that boasts a remarkable biodiversity, a terrain so rugged that significant landscape features are still being discovered there, and a wealth of natural resources that have been used, and more recently abused, by humans for millennia. James K. Agee, a forest ecologist with more than fifty years experience in the Klamaths, provides a multidimensional perspective on this region and asks: how can we most effectively steward this spectacular landscape toward a sustainable future? In an engaging narrative laced with personal anecdotes, he introduces the dynamics of the Klamath's ecosystems, including its geology and diverse flora and fauna, and then discusses its native cultures and more recent inhabitants, laying out the effects of industries such as logging, mining, water development, and fishing. Assuming that people will continue to have a close tie to the Klamaths, Agee introduces the principles of restoration ecology to offer a vision of how we can responsibly meet the needs of both people and natural organisms, including plants, fish, and wildlife. This debate over the future of the Klamath's rich landscape widens into a provocative meditation on nature, culture, and our relationship with the earth itself. 606 $aNatural history$zKlamath Mountains (Calif. and Or.) 606 $aConservation of natural resources$zKlamath Mountains (Calif. and Or.) 606 $aSustainable development$zKlamath Mountains (Calif. and Or.) 608 $aElectronic books. 615 0$aNatural history 615 0$aConservation of natural resources 615 0$aSustainable development 676 $a508.794 700 $aAgee$b James K$0283642 801 0$bMiAaPQ 801 1$bMiAaPQ 801 2$bMiAaPQ 906 $aBOOK 912 $a9910455175103321 996 $aSteward's Fork$92457233 997 $aUNINA LEADER 02048nam a2200397 i 4500 001 991002485779707536 005 20020503165916.0 008 970131s1990 it 000 0 ita d 035 $ab10371461-39ule_inst 035 $aEXGIL104678$9ExL 040 $aBiblioteca Interfacoltà$bita 082 0 $a370.19 100 1 $aColonna, Salvatore$0220752 245 10$aDiritto allo studio e scuola per la persona /$cSalvatore Colonna 260 $a[Roma] :$bEUROMA, Editrice universitaria di Roma-La goliardica,$cstampa 1990 300 $a220 p. ;$c23 cm 650 4$aDiritto allo studio 650 4$aScuola e società 650 4$aPersona 650 4$aFormazione 650 4$aEducazione 650 4$aScuola e democrazia 907 $a.b10371461$b02-04-14$c27-06-02 912 $a991002485779707536 945 $aLE024 PS EV B II 35$g1$i2024000012939$lle021$nex DUSS$o-$pE0.00$q-$rl$s- $t0$u0$v0$w0$x0$y.i11647127$z01-07-02 945 $aLE002 Ped. II C 7$g1$i2002000670311$lle002$o-$pE0.00$q-$rl$s- $t0$u0$v0$w0$x0$y.i10434744$z27-06-02 945 $aLE022 s.c. Bibl.$g1$iLE022N-103$lle022$on$pE0.00$q-$rl$s- $t0$u0$v0$w0$x0$y.i1116220x$z28-06-02 945 $aLE022 MP 67 H 49 nonus$g2$i2022000043021$lle022$o-$pE0.00$q-$rl$s- $t0$u0$v0$w0$x0$y.i11162211$z28-06-02 945 $aLE022 MP 67 H 49 bis$g3$i2022000043014$lle022$o-$pE0.00$q-$rl$s- $t0$u0$v0$w0$x0$y.i14013290$z23-02-05 945 $aLE022 MP 67 H 49 ter$g4$i2022000043038$lle022$o-$pE0.00$q-$rl$s- $t0$u0$v0$w0$x0$y.i14013289$z23-02-05 945 $aLE022 MP 67 H 49 quat$g5$i2022000043045$lle022$o-$pE0.00$q-$rl$s- $t0$u0$v0$w0$x0$y.i14013277$z23-02-05 945 $aLE022 MP 67 H 49 quinq$g6$i2022000043052$lle022$o-$pE0.00$q-$rl$s- $t0$u0$v0$w0$x0$y.i14013265$z23-02-05 945 $aLE022 MP 67 H 49 sept$g7$i2022000043076$lle022$o-$pE0.00$q-$rl$s- $t0$u0$v0$w0$x0$y.i14013253$z23-02-05 996 $aDiritto allo studio e scuola per la persona$9203085 997 $aUNISALENTO 998 $ale002$a(7)le022$ale021$b01-01-97$cm$da $e-$feng$git $h0$i9 LEADER 04104 am 22007693u 450 001 9910563171503321 005 20230621135348.0 035 $a(CKB)3710000000838535 035 $a(OCoLC)960759076 035 $a(oapen)https://directory.doabooks.org/handle/20.500.12854/32011 035 $a(EXLCZ)993710000000838535 100 $a20160905h20162016 uy 0 101 0 $ager 135 $aurmn#nnn||||| 181 $ctxt$2rdacontent 182 $cc$2rdamedia 183 $acr$2rdacarrier 200 00$a?Berufsstand? oder ?Stand?? $eein politischer Schlu?sselbegriff im O?sterreich der Zwischenkriegszeit /$fErika Kustatscher 210 $aWien; München$cBöhlau$d2016 210 1$aWien :$cBöhlau Verlag,$d2016. 210 4$d©2016 215 $a1 online resource (676 pages) $cdigital, PDF file(s) 225 1 $aVero?ffentlichungen der Kommission fu?r neuere Geschichte O?sterreichs ;$vBand 113 311 $a3-205-20341-0 320 $aIncludes bibliographical references. 327 $aAbku?rzungen und Siglen -- 1. Das Erkenntnisinteresse -- 2. Zur Methode -- 3. Der politisch-geistesgeschichtliche Rahmen -- 4. Die politisch-gesellschaftliche Lage in der Wahrnehmung bu?rgerlicher Kreise -- 5. Der Mensch ist Person -- 6. Standesbewusstsein -- 7. Die berufssta?ndische Ordnung -- 8. Staat und Gesellschaft -- 9. Resu?mee : Status ist ordo -- 10. Anhang -- 11. Quellen und Literature. 330 $aThe Constitution of 1 May 1934 saw an attempt made in Austria to create an alternative to parliamentary democracy in the form of an order based on the professional "Stand" (corporation). The failure of this attempt was due to the nature of the "Stand" itself which, as something organically grown, is not accessible to institutionalisation. In reality, the corporation was just a means of enabling conservative thinking, in a much wider sense, to influence politics, a hangover of traditional forms of rule. Mit der Verfassung vom 1. Mai 1934 wurde in O?sterreich versucht, der parlamentarischen Demokratie in Gestalt einer berufssta?ndischen Ordnung eine Alternative entgegenzusetzen. Die Versuche sta?ndischen "Aufbaus" gingen indes ins Leere, weil der Stand seinem Wesen nach etwas natu?rlich Gewachsenes, einer Institutionalisierung nicht Zuga?ngliches ist. In Wirklichkeit war der Berufsstand nur der Rahmen, konservativem Denken in einem viel umfassenderen Sinn, und nicht ohne Reminiszenzen traditionaler Herrschaft, eine Mo?glichkeit zu schaffen, die Politik zu beeinflussen. 410 0$aVero?ffentlichungen der Kommission fu?r neuere Geschichte O?sterreichs ;$vBand 113. 606 $aFascism$zAustria$xHistory 606 $aConservatism$zAustria$xHistory 607 $aAustria$xHistory$y20th century 607 $aAustria$xPolitics and government$y1918-1938 607 $aAustria$xSocial conditions$y20th century 610 $aParliamentary democracy 610 $aorder based on the professional ?Stand? (corporation) 610 $aNatural Law 610 $aCatholic social teaching 610 $apersonalism 610 $aconservative thinking 610 $atraditional forms of rule 610 $aauthoritarianism 610 $atotalitarianism 610 $aresistance to Nazism 610 $apolitical utopia 610 $aParlamentarische Demokratie 610 $aberufsständische Ordnung 610 $aNaturrecht 610 $akatholische Soziallehre 610 $aPersonalismus 610 $akonservatives Denken 610 $atraditionale Herrschaft 610 $aautoritäre Herrschaft 610 $aTotalitarismus 610 $aWiderstand gegen den Nationalsozialismus 610 $apolitische Utopie 610 $aÖsterreich 615 0$aFascism$xHistory. 615 0$aConservatism$xHistory. 676 $a320.0943609043 700 $aKustatscher$b Erika$01222611 801 0$bAuAdUSA 801 1$bAuAdUSA 801 2$bUkMaJRU 906 $aBOOK 912 $a9910563171503321 996 $a?Berufsstand? oder ?Stand?$92835788 997 $aUNINA